Kemlik bizden kerem sizden : (Kayıt no. 10330)
[ düz görünüm ]
| 000 -BAŞLIK | |
|---|---|
| Sabit Uzunluktaki Kontrol Alanı | 01255nam a22002657a 4500 |
| 003 - KONTROL NUMARASI KİMLİĞİ | |
| Kontrol Alanı | KOHA_MİRAKIL |
| 005 - EN SON İŞLEM TARİHİ ve ZAMANI | |
| Kontrol Alanı | 20260424095914.0 |
| 008 - SABİT UZUNLUKTAKİ VERİ ÖGELERİ - GENEL BİLGİ | |
| Sabit Alan | 260421b tu ||||| |||| 00| 0 tur d |
| 020 ## - ISBN - ULUSLARARASI STANDART KİTAP NUMARASI | |
| Isbn | 9786257610797 |
| 040 ## - KATALOGLAMA KAYNAĞI | |
| Özgün Kataloglama Kurumu | TR-AnABB |
| Kataloglama Dili | tur |
| Çeviri Kurumu | TR-AnABB |
| 041 ## - DİL KODU | |
| Metin ya da ses kaydının dil kodu | tur |
| 082 ## - DEWEY ONU SINIFLAMA SİSTEMİ | |
| Sınıflama Numarası | 297.822 |
| Cutter numarası | DED 2025 |
| 100 1# - KİŞİ ADI | |
| Yazar Adı (Kişi adı) | Dedekargınoğlu, Hüseyin |
| 245 10 - ESER ADI BİLDİRİMİ | |
| Başlık | Kemlik bizden kerem sizden : |
| Alt Eseradı vb. | hal erenler halidir / |
| Sorumluluk Bildirimi | Hüseyin Dedekargınoğlu |
| 246 ## - DEĞİŞİK BAŞLIK FORMU | |
| Başlık uygun / kısa başlık | Hal erenler halidir |
| 250 ## - BASIM BİLDİRİMİ | |
| Basım Bildirimi | 1. baskı |
| 260 ## - YAYIN, DAĞITIM, VB. | |
| Yayın Yeri | Ankara : |
| Yayınevi | Altınordu Yayınevi, |
| Yayın Tarihi | 2025 |
| 300 ## - FİZİKSEL TANIMLAMA | |
| Sayfa, Cilt vb. | 469 sayfa ; |
| Boyutları | 20 cm |
| 500 ## - GENEL NOT | |
| Genel Not | Yazar tarafından Prof. Dr. Ruşen Keleş için imzalanmıştır. |
| 505 ## - İÇİNDEKİLER NOTU | |
| İçindekiler Notu | İçindekiler: Alevilikte dedelik kurumu ve sürek anlayışı - Alevilikteki tanım ve terimler - Dünkü ve bugünkü alevilik - Elvan Çelebi'nin gözüyle Dede Garkın'dan Baba İlyas'a - Muharrem Aşura ve Aşure - Bazı Alevilik Kavramlarının kullanılması - Dede Garkın Ocağı'nda musahiplik uygulaması örneği - Dede Garkın ocağı'nda müsahiplik uygulaması örneği - Genelde dergahların, özelde Hacı Bektaş... |
| 650 04 - KONU BAŞLIĞI EK GİRİŞ - KONU TERİMİ | |
| Konusal terim veya coğrafi ad | Alevilik |
| 650 04 - KONU BAŞLIĞI EK GİRİŞ - KONU TERİMİ | |
| Konusal terim veya coğrafi ad | İslam dini, Mezhepler |
| 900 ## - YEREL BİLGİ | |
| Kontrol | Can ÇELIK |
| 942 ## - EK GİRİŞ ÖGELERİ (KOHA) | |
| Sınıflama Kaynağı | Dewey Decimal Classification |
| Materyal Türü | Kitap |
| Geri Çekilme Durumu | Kayıp Durumu | Sınıflandırma Kaynağı | Kredi için değil | Kalıcı Konum | Mevcut Konum | Kayıt Tarih | Toplam Ödünçverme | Yer Numarası | Demirbaş Numarası | Son Görülme Tarihi | Fatura Tarihi | Materyal Türü |
|---|---|---|---|---|---|---|---|---|---|---|---|---|
| Dewey Decimal Classification | Prof. Dr. Ruşen Keleş Kütüphanesi | Prof. Dr. Ruşen Keleş Kütüphanesi | 21/04/2026 | 297.822 DED 2025 | RK7236 | 21/04/2026 | 21/04/2026 | Kitap |
